[Event "POL-ch42"]
[Site "Gdynia"]
[Date "1985.02.08"]
[Round "2"]
[White "Pokojowczyk, Jerzy"]
[Black "Kojder, Konrad"]
[Result "1/2-1/2"]
[WhiteElo "2405"]
[BlackElo "2370"]
[PlyCount "35"]
[EventDate "1985.02.07"]
[EventType "tourn"]
[EventRounds "15"]
[EventCountry "POL"]
[EventCategory "5"]
[SourceTitle "EXT 2001"]
[Source "ChessBase"]
[SourceDate "2000.11.22"]
[SourceVersion "1"]
[SourceVersionDate "2000.11.22"]
[SourceQuality "1"]

1. e4 b6 2. d4 Bb7 3. Nc3 e6 4. Bd3 Nf6 5. a3 c5 6. Nf3 cxd4 7. Nxd4 d6 8. 0-0 a6 9. f4 Nbd7 10. b4 Qc7 11. Bb2 e5 12. Nf5 g6 13. Ne3 Bh6 14. Ncd5 Bxd5 15. Nxd5 Nxd5 16. exd5 0-0 17. f5 Nf6 18. fxg6 1/2-1/2

[Event "Evans Chess Jubilee"]
[Site "Vejle"]
[Date "1984.08.02"]
[Round "7"]
[White "Fries Nielsen, Jens Ove"]
[Black "Pokojowczyk, Jerzy"]
[Result "1/2-1/2"]
[WhiteElo "2420"]
[BlackElo "2370"]
[PlyCount "31"]
[EventDate "1984.07.27"]
[EventType "swiss"]
[EventRounds "9"]
[EventCountry "DEN"]
[SourceTitle "EXT 2022"]
[Source "ChessBase"]
[SourceDate "2021.10.06"]
[SourceVersion "1"]
[SourceVersionDate "2021.10.06"]
[SourceQuality "1"]

1. Nf3 Nf6 2. d4 e6 3. Bg5 c5 4. e3 b6 5. Nbd2 Be7 6. c3 Bb7 7. Bd3 h6 8. Bxf6 gxf6 9. 0-0 f5 10. e4 fxe4 11. Nxe4 0-0 12. dxc5 bxc5 13. Qd2 f5 14. Qxh6 fxe4 15. Qg6+ Kh8 16. Qh6+ 1/2-1/2

[Event "Evans Chess Jubilee"]
[Site "Vejle"]
[Date "1984.07.28"]
[Round "2"]
[White "Pokojowczyk, Jerzy"]
[Black "Nicholson, John G"]
[Result "1-0"]
[WhiteElo "2370"]
[BlackElo "2260"]
[PlyCount "65"]
[EventDate "1984.07.27"]
[EventType "swiss"]
[EventRounds "9"]
[EventCountry "DEN"]
[SourceTitle "EXT 2022"]
[Source "ChessBase"]
[SourceDate "2021.10.06"]
[SourceVersion "1"]
[SourceVersionDate "2021.10.06"]
[SourceQuality "1"]

1. e4 c5 2. Nf3 e6 3. d4 cxd4 4. Nxd4 Nf6 5. Nc3 d6 6. g4 h6 7. h4 Nc6 8. Rg1 h5 9. gxh5 Nxh5 10. Bg5 Nf6 11. Qd2 Qb6 12. Nb3 a6 13. 0-0-0 Bd7 14. Qe2 Qc7 15. f4 0-0-0 16. Bg2 Be7 17. Bf3 g6 18. Kb1 Ng8 19. h5 Bxg5 20. Rxg5 Nge7 21. Qd2 gxh5 22. Rxh5 Rxh5 23. Bxh5 Be8 24. f5 d5 25. fxe6 dxe4 26. Qe1 f5 27. Bxe8 Rxe8 28. Rd7 Qe5 29. Na4 Rd8 30. Nb6+ Kb8 31. Rxd8+ Kc7 32. Rd7+ Kxb6 33. Qe3+ 1-0

[Event "Copenhagen Open-06 (Politiken Cup-05)"]
[Site "Copenhagen"]
[Date "1984.07.03"]
[Round "9"]
[White "Lindberg, Bengt"]
[Black "Pokojowczyk, Jerzy"]
[Result "1-0"]
[WhiteElo "2265"]
[BlackElo "2370"]
[PlyCount "47"]
[EventDate "1984.06.24"]
[EventType "swiss"]
[EventRounds "10"]
[EventCountry "DEN"]
[SourceTitle "EXT 2000"]
[Source "ChessBase"]
[SourceDate "1999.11.16"]
[SourceVersion "1"]
[SourceVersionDate "1999.11.16"]
[SourceQuality "1"]

1. e4 c5 2. Nf3 e6 3. d4 cxd4 4. Nxd4 Nf6 5. Nc3 d6 6. g4 h6 7. Rg1 Nc6 8. Be3 g5 9. Bb5 Bd7 10. Qe2 a6 11. Nxc6 bxc6 12. Bxa6 Qa5 13. Bc4 Be7 14. 0-0-0 Rb8 15. h4 gxh4 16. f4 d5 17. Bb3 Rb4 18. exd5 Nxd5 19. Nxd5 cxd5 20. Bd2 Qb5 21. Qe5 f6 22. Qh5+ Kd8 23. Bxb4 Qxb4 24. f5 1-0